[Event "Revanche"]
[Site "http://www.queenalice.com/game.php?id=699047"]
[Date "2009.12.16"]
[Round "-"]
[White "witto"]
[Black "dooor"]
[Result "1-0"]
[WhiteElo "1509"]
[BlackElo "1288"]

1. e4 Nf6 2. e5 Ne4 3. Bc4 Nc6 4. Qh5 g6 5. Qh4 Nc5 6. d4 Na4 7. b3 Nb6 8. Nf3
Nb4 9. Ng5 e6 10. Qe4 Bh6 11. f4 d5 12. Qe2 dxc4 13. Ne4 Qh4+ 14. g3 Qd8 15. c3
Nc6 16. Nf6+ Ke7 17. Ba3+ Qd6 18. exd6+ Kxf6 19. dxc7 cxb3 20. axb3 Bd7 21. O-O
Rac8 22. Nd2 Rxc7 23. Ne4+ Kg7 24. Qb5 Nxd4 25. Qe5+ Kg8 26. Qxc7 Bc6 27. cxd4
Nd5 28. Bc5 Ne3 29. Rf3 Nc2 30. Rc1 Bxe4 31. Rc3 b6 32. Qe5 Bf5 33. Bxb6 axb6
34. Rc8+ Bf8 35. R1xc2 Bxc2 36. Qd6 Kg7 37. Qxb6 Bf5 38. b4 e5 39. d5 exf4 40.
Ra8 fxg3 41. Ra7 gxh2+ 42. Kxh2 h5 43. Qb7 Bd6+ 44. Kg2 Be4+ 45. Kf2 Rf8 46. b5
Bc5+ 47. Ke2 Bxa7 48. Qxa7 Bxd5 49. Ke3 h4 50. Qd4+ f6 51. Qxd5 g5 52. Qd7+ Kh6
53. Qd6 Re8+ 54. Kf3 Kg6 55. b6 Kf5 56. b7 g4+ 57. Kg2 Re2+ 58. Kf1 Rb2 59. b8=Q
Rxb8 60. Qxb8 h3 61. Qg3 Kg5 62. Kf2 f5 63. Ke3 f4+ 64. Qxf4+ Kh4 65. Qf5 h2 66.
Kf4 h1=Q 67. Qxg4# 1-0

[Event "Neguinha"]
[Site "http://www.queenalice.com/game.php?id=699570"]
[Date "2009.12.17"]
[Round "-"]
[White "dooor"]
[Black "Eski"]
[Result "1-0"]
[WhiteElo "1117"]
[BlackElo "1091"]

1. Nc3 e5 2. d3 Nf6 3. Nf3 Nc6 4. Bg5 h6 5. Bh4 d5 6. Nxd5 a5 7. e4 g5 8. Nxg5
hxg5 9. Bxg5 Bh6 10. Bxf6 Qd7 11. Bxh8 b6 12. Nf6+ Kf8 13. Nxd7+ Bxd7 14. Qh5
Ke7 15. Qxh6 Rxh8 16. Qxh8 Nd4 17. O-O-O c5 18. c3 Ba4 19. cxd4 exd4 20. Re1 c4
21. dxc4 d3 22. f4 d2+ 23. Kxd2 Kd6 24. e5+ Kc5 25. Qc8+ 1-0

[Event "Challenge"]
[Site "http://www.queenalice.com/game.php?id=701637"]
[Date "2009.12.22"]
[Round "-"]
[White "Eski"]
[Black "dooor"]
[Result "0-1"]
[WhiteElo "1088"]
[BlackElo "1164"]

1. d4 Nc6 2. Nf3 e6 3. e4 Nf6 4. Nc3 Bb4 5. h4 Nxe4 6. Bd2 Nd6 7. a3 Ba5 8. b4
Bb6 9. Rh3 a5 10. b5 Nb8 11. Rg3 g6 12. Bh6 c6 13. Qd2 Nf5 14. Bg5 f6 15. Bd3
fxg5 16. Rxg5 Bc7 17. Rg4 cxb5 18. Nxb5 Nc6 19. Qf4 Bxf4 20. Rxf4 h6 21. Ne5 g5
22. Rxf5 exf5 23. Bc4 d6 24. Nf7 Qe7+ 25. Ne5 dxe5 26. dxe5 Qxe5+ 27. Kf1 Qxa1+
0-1

[Event "Challenge"]
[Site "http://www.queenalice.com/game.php?id=702275"]
[Date "2009.12.23"]
[Round "-"]
[White "Eski"]
[Black "dooor"]
[Result "0-1"]
[WhiteElo "1072"]
[BlackElo "1270"]

1. e4 Nf6 2. Nc3 d6 3. d4 Nc6 4. Nf3 Bg4 5. h4 e5 6. dxe5 dxe5 7. Qd3 Nb4 8. Qd2
Qxd2+ 9. Kxd2 Rd8+ 10. Bd3 g6 11. Nb5 Bh6+ 12. Ng5 Nxe4+ 13. Ke1 Nxd3+ 14. cxd3
Rxd3 15. Nxc7+ Kd8 16. Nxf7+ Kxc7 17. Bxh6 Rc8 18. Rc1+ Kb8 19. Rxc8+ Kxc8 20.
f3 Re3+ 21. Kd1 Rd3+ 22. Ke2 Ng3+ 23. Kxd3 Bf5+ 24. Ke3 Nxh1 25. Nxe5 Be6 26. a3
Ng3 27. Bf4 Nf5+ 28. Kf2 Nxh4 29. Be3 Nf5 30. Bxa7 Kc7 31. b4 b6 32. g4 Nd4 33.
f4 Kb7 34. Bxb6 Kxb6 35. a4 Nc6 36. Nd3 Bxg4 37. a5+ Kb5 38. Nc5 Kxb4 39. a6
Kxc5 0-1

[Event "vem que a cana é doce !"]
[Site "http://www.queenalice.com/game.php?id=710549"]
[Date "2010.1.8"]
[Round "-"]
[White "dooor"]
[Black "Eski"]
[Result "0-1"]
[WhiteElo "1242"]
[BlackElo "1172"]

1. b4 Nf6 2. Bb2 Ne4 3. e3 Nc6 4. a3 h6 5. Qf3 Nd6 6. Nh3 e5 7. Qh5 g6 8. Qg4 h5
9. Qf3 Qh4 10. g3 Qe4 11. Bg2 Qxc2 12. Bc3 Qc1+ 13. Ke2 Qc2 14. Qf6 Rg8 15. Ng5
Be7 16. Qf3 b6 17. h4 Ba6+ 18. Ke1 f6 19. Ne4 Bd3 20. Qd1 Nxe4 21. Qxc2 Bxc2 22.
Ke2 d5 23. d3 d4 24. Bxe4 Ba4 25. Bd2 O-O-O 26. Rc1 Nb8 27. exd4 exd4 28. f4 f5
29. Bf3 Bd6 30. Bd5 Rge8+ 31. Kf2 c5 32. Bf7 Rf8 33. Bxg6 Be8 34. Bh7 Rd7 35.
Bxf5 Rxf5 36. Re1 Rd8 37. Bc1 cxb4 38. axb4 Bxb4 39. Re4 Bc6 40. Re6 Rc5 41. Nd2
Rc3 42. Ke2 Bb5 43. Kf2 Rxd3 44. Ne4 Bc6 45. Ke2 Re3+ 46. Bxe3 dxe3 47. Rxa7
Bb5+ 48. Kxe3 Bd2+ 49. Nxd2 Rd3+ 50. Ke2 Rd7+ 51. Kf2 Rxa7 52. Rxb6 Rb7 53. Rh6
Rd7 54. Ne4 Rd5 55. Rh8+ Kb7 56. Nc3 Rd2+ 57. Ke3 Rd3+ 58. Ke4 Rxc3 59. Rxh5
Bc6+ 60. Kd4 Rxg3 61. f5 Rg4+ 62. Ke5 Nd7+ 63. Kd6 Nf6 64. Rh6 Ne8+ 65. Kc5 Ba4
66. f6 Rf4 67. Rh7+ Kc8 68. f7 Nc7 69. Kd6 Rd4+ 70. Ke5 Rd8 71. Rg7 Bb3 72. Rg8
Bxf7 73. Rxd8+ Kxd8 74. Kd6 Ne8+ 75. Ke5 Ke7 76. Kf5 Ng7+ 77. Kg5 Ne6+ 78. Kg4
Kf6 79. Kg3 Nd4 80. Kg4 Kg6 81. Kf4 Ne2+ 82. Ke3 Nc3 83. Kf3 Kf5 84. Kg3 Nd5 85.
Kh3 Ne3 86. Kg3 Bh5 87. Kh3 Kf4 88. Kh2 Kg4 89. Kg1 Kf3 90. Kh2 Kf2 91. Kh1 Nf5
92. Kh2 Nxh4 93. Kh3 Nf5 94. Kh2 Bg4 95. Kh1 Kg3 96. Kg1 Ne3 97. Kh1 Kf2 98. Kh2
Nf1+ 99. Kh1 Bf3# 0-1

[Event "Challenge"]
[Site "http://www.queenalice.com/game.php?id=710624"]
[Date "2010.1.8"]
[Round "-"]
[White "eleden"]
[Black "dooor"]
[Result "1-0"]
[WhiteElo "1465"]
[BlackElo "1325"]

1. d4 Nc6 2. Nf3 h6 3. Bf4 g5 4. Bc1 Bg7 5. e3 a6 6. b3 b5 7. Bd2 Bb7 8. c4 g4
9. Nh4 e6 10. Qxg4 Nf6 11. Qxg7 Ke7 12. Ng6+ Kd6 13. c5+ Kd5 14. Nf4+ Ke4 15.
Bd3# 1-0

[Event "Ela balança mas nao cai"]
[Site "http://www.queenalice.com/game.php?id=724681"]
[Date "2010.2.2"]
[Round "-"]
[White "dooor"]
[Black "Eski"]
[Result "0-1"]
[WhiteElo "1224"]
[BlackElo "1189"]

1. b4 Nc6 2. a3 d5 3. Bb2 f6 4. g3 e5 5. Nc3 g6 6. Bg2 Nge7 7. f4 b6 8. fxe5 Be6
9. exf6 Nf5 10. e4 dxe4 11. Nxe4 Qd5 12. Qe2 O-O-O 13. f7 Bxf7 14. Bxh8 Bh6 15.
Bc3 Nfd4 16. Qa6+ Kb8 17. Qa4 b5 18. Qa6 Nxc2+ 19. Kf1 Qd3+ 20. Ne2 Bc4 21. Qxc6
Qxe2+ 22. Kg1 Nxa1 23. h4 Bd5 24. Bf1 Be3+ 25. dxe3 Qxe3+ 26. Nf2 Bxc6 27. Rh2
Qxc3 28. Ne4 Bxe4 29. Bxb5 Qxg3+ 30. Rg2 Qxg2# 0-1

[Event "Agora eu te pego!!"]
[Site "http://www.queenalice.com/game.php?id=730373"]
[Date "2010.2.11"]
[Round "-"]
[White "dooor"]
[Black "Eski"]
[Result "1-0"]
[WhiteElo "1182"]
[BlackElo "1201"]

1. e4 e5 2. a3 Nf6 3. d3 d6 4. Nc3 Bg4 5. f3 Be6 6. Bg5 h6 7. Be3 c6 8. d4 Qb6
9. Na4 Qa5+ 10. c3 b5 11. b4 Qa6 12. dxe5 Qxa4 13. exf6 gxf6 14. Bf4 Bb3 15. Qd4
Nd7 16. Bxd6 Bxd6 17. Qxd6 Ne5 18. Qxf6 Ng6 19. Qxc6+ Ke7 20. Bxb5 Qa5 21. bxa5
Rhc8 22. Qd7+ Kf6 23. Ne2 Ne5 24. Qf5+ Kg7 25. Qxe5+ f6 26. Qe7+ Bf7 27. Rd1
Rab8 28. Rd7 Rf8 29. Bc4 Rbe8 30. Qc5 Re5 31. Qxa7 Kg6 32. Nf4+ Kg5 33. g3 h5
34. h4+ Kh6 35. Bxf7 1-0

[Event "Mais uma?"]
[Site "http://www.queenalice.com/game.php?id=739846"]
[Date "2010.3.2"]
[Round "-"]
[White "dooor"]
[Black "Eski"]
[Result "1-0"]
[WhiteElo "1267"]
[BlackElo "1211"]

1. e4 e5 2. Nf3 d6 3. Bb5+ c6 4. Bc4 Nh6 5. d3 Ng4 6. h3 Nf6 7. Ng5 b5 8. Nxf7
Qa5+ 9. Bd2 Qa6 10. Bb3 Rg8 11. Qf3 d5 12. Nxe5 Bd6 13. Ng4 b4 14. Nxf6+ gxf6
15. exd5 Bb7 16. dxc6 Bxc6 17. Qxf6 Qb7 18. Qe6+ Be7 19. Qxg8+ Bf8 20. Rg1 Qe7+
21. Kd1 Nd7 22. Re1 Ne5 23. Bf4 O-O-O 24. Bxe5 Bh6 25. Qg4+ Bd7 26. Qc4+ Kb7 27.
c3 bxc3 28. Nxc3 Bc6 29. Bf4 Bg7 30. Rxe7+ Kb6 31. Be3+ Ka5 32. Rxa7# 1-0

[Event "Challenge"]
[Site "http://www.queenalice.com/game.php?id=741520"]
[Date "2010.3.5"]
[Round "-"]
[White "Legiao"]
[Black "dooor"]
[Result "0-1"]
[WhiteElo "1212"]
[BlackElo "1253"]

1. e4 Nf6 2. f3 e6 3. Nc3 Nc6 4. f4 Bd6 5. a4 Bxf4 6. Qf3 Nh5 7. g3 Nd4 8. Qd3
e5 9. g4 Nf6 10. h3 h5 11. gxh5 Nxh5 12. h4 Bg3+ 13. Kd1 Bxh4 14. a5 Ng3 15.
Rxh4 Qxh4 16. Nd5 Kd8 17. Bg2 Qh2 18. Qf1 Nxe4 19. Bxe4 Rh4 20. Qg2 c6 0-1